000 00455cam a2200169ua 4500
020 _a07 y 66432 3
041 _aeng
_h
082 _a005.133
_bKEL/FI
100 _aKeller, Arthur M .
245 _aFirst course in computer programming using PASCAL /
_cArthur M Keller.
_hTextual Documents
250 _a1 /
_b.
260 _aNew York :
_bMcGraw Hill Book Company ,
_c1985.
300 _a305 ; .
504 _a
942 _cBK
999 _c9681
_d9681